书目信息 |
| 题名: |
你要的是幸福, 还是对错
|
|
| 作者: | 金韵蓉 著 | |
| 分册: | ||
| 出版信息: | 北京 中国青年出版社 2020.05 |
|
| 页数: | 282页 | |
| 开本: | 19cm | |
| 丛书名: | ||
| 单 册: | ||
| 中图分类: | C913.13 , C913.13-49 | |
| 科图分类: | ||
| 主题词: | 婚姻--hun yin--家庭关系--通俗读物 | |
| 电子资源: | ||
| ISBN: | 978-7-5153-5471-2 | |
| 000 | 01020nam0 2200241 450 | |
| 001 | 2154159242 | |
| 005 | 20211220150633.24 | |
| 010 | @a978-7-5153-5471-2@b精装@dCNY69.90 | |
| 100 | @a20190916d2020 em y0chiy50 ea | |
| 101 | 0 | @achi |
| 102 | @aCN@b110000 | |
| 105 | @ay z 000yy | |
| 200 | 1 | @a你要的是幸福, 还是对错@Ani yao de shi xing fu , huan shi dui cuo@f金韵蓉著 |
| 210 | @a北京@c中国青年出版社@d2020.05 | |
| 215 | @a282页@d19cm | |
| 314 | @a金韵蓉, 杂志专栏作家, 北京大学光华管理学院EMBA《女性领导人心理学》课程讲师等职。 | |
| 330 | @a金韵蓉老师是非常著名的心理咨询师, 本书主要讲述的是在面对需要“斗智斗勇”来经营的婚姻时, 夫妻双方应该如何应对婚姻中存在的各种问题, 例如婆媳关系的问题、孩子的教育问题以及如何应对吵架等。全书紧贴时下热点话题, 为读者提供了非常实用的建议, 具有很强的可读性。 | |
| 606 | 0 | @a婚姻@Ahun yin@x家庭关系@j通俗读物 |
| 690 | @aC913.13@v5 | |
| 690 | @aC913.13-49@v4 | |
| 701 | 0 | @a金韵蓉@Ajin yun rong@4著 |
| 801 | 0 | @aCN@c20200916 |
| 905 | @a河南城建学院图书馆@dC913.13-49@eJ825 | |
| 你要的是幸福, 还是对错/金韵蓉著.-北京:中国青年出版社,2020.05 |
| 282页;19cm |
| ISBN 978-7-5153-5471-2(精装):CNY69.90 |
| 金韵蓉老师是非常著名的心理咨询师, 本书主要讲述的是在面对需要“斗智斗勇”来经营的婚姻时, 夫妻双方应该如何应对婚姻中存在的各种问题, 例如婆媳关系的问题、孩子的教育问题以及如何应对吵架等。全书紧贴时下热点话题, 为读者提供了非常实用的建议, 具有很强的可读性。 |
| ● |
| 相关链接 |
|
|
|
正题名:你要的是幸福, 还是对错
索取号:C913.13-49/J825
 
预约/预借
| 序号 | 登录号 | 条形码 | 馆藏地/架位号 | 状态 | 备注 |
| 1 | 1503248 | 215032480 | 大学生心理健康教育指导中心资料室/ [索取号:C913.13-49/J825] | 在馆 |